Arthur's loose tooth / (Record no. 3279)

MARC details
000 -LEADER
fixed length control field 00965cam a2200301 a 4500
005 - DATE AND TIME OF LATEST TRANSACTION
control field 20240223100311.0
020 ## - INTERNATIONAL STANDARD BOOK NUMBER
International Standard Book Number 9780064440936
040 ## - CATALOGING SOURCE
Original cataloging agency DLC
Transcribing agency DLC
Modifying agency DLC
Language of cataloging eng
050 00 - LIBRARY OF CONGRESS CALL NUMBER
Classification number PZ7.H635
Item number 1985
082 00 - DEWEY DECIMAL CLASSIFICATION NUMBER
Classification number 372.64
100 1# - MAIN ENTRY--PERSONAL NAME
Personal name Hoban, Lillian
245 10 - TITLE STATEMENT
Title Arthur's loose tooth /
Statement of responsibility, etc. by Hoban , Lillian
260 ## - PUBLICATION, DISTRIBUTION, ETC.
Place of publication, distribution, etc. New York :
Name of publisher, distributor, etc. HarperCollins ,
Date of publication, distribution, etc. 1985
300 ## - PHYSICAL DESCRIPTION
Extent 63 pages :
Other physical details color illustrations ;
Dimensions 23 cm.
490 ## - SERIES STATEMENT
Series statement Arthur
505 ## - FORMATTED CONTENTS NOTE
Formatted contents note J <br/>
520 ## - SUMMARY, ETC.
Summary, etc. Arthur the chimp is a little worried about losing his loose tooth, until his sister and their babysitter show him the real meaning of bravery.
521 ## - TARGET AUDIENCE NOTE
Target audience note 500 <br/>
Source Lexile <br/>
521 ## - TARGET AUDIENCE NOTE
Target audience note J <br/>
Source Raz-Plus <br/>
650 #1 - SUBJECT ADDED ENTRY--TOPICAL TERM
Topical term or geographic name entry element Teeth
General subdivision Fiction
650 #1 - SUBJECT ADDED ENTRY--TOPICAL TERM
Topical term or geographic name entry element Courage
General subdivision Fiction
650 #1 - SUBJECT ADDED ENTRY--TOPICAL TERM
Topical term or geographic name entry element Siblings
General subdivision Fiction.
650 #1 - SUBJECT ADDED ENTRY--TOPICAL TERM
Topical term or geographic name entry element Babysitters and babysitting
General subdivision Fiction
650 #1 - SUBJECT ADDED ENTRY--TOPICAL TERM
Topical term or geographic name entry element Chimpanzees
General subdivision Fiction
906 ## - LOCAL DATA ELEMENT F, LDF (RLIN)
a 7
b cbu
c orignew
d 1
e ocip
f 19
g y-gencatlg
942 ## - ADDED ENTRY ELEMENTS (KOHA)
Source of classification or shelving scheme Dewey Decimal Classification
Koha item type Books
Suppress in OPAC No
999 ## -
-- 3279
-- 3279
Holdings
Withdrawn status Lost status Source of classification or shelving scheme Damaged status Not for loan Collection Home library Current library Shelving location Date acquired Total Checkouts Full call number Barcode Date last seen Price effective from Koha item type
    Dewey Decimal Classification     Juvenile Fiction Footprints International School Library Network Toul Kork Campus Footprints International School Library Network Toul Kork Campus   02/23/2024   HOB 372.64 PZ7.H635 FIS03609 02/23/2024 02/23/2024 Books